Гознак. История в событиях, датах, судьбах. В 2 томах. Т.1: (Гознак. Историяв событиях, датах, судьбах. 1818–1918) научное издание
Монография посвящена АО «Гознак» (до 1919 года – Экспедиция заготовления государственных бумаг), история которого неразрывно связана с историей России. В течение последних 200 лет предприятие совершенствует продукцию, во многом отражающую социально-политические события в нашей стране. Сегодня АО «Го...
Збережено в:
| Автор: | |
|---|---|
| Формат: | Книга |
| Предмети: | |
| Онлайн доступ: | Перейти к просмотру издания |
| Теги: |
Додати тег
Немає тегів, Будьте першим, хто поставить тег для цього запису!
|
| LEADER | 03077nam0a2200385 4500 | ||
|---|---|---|---|
| 001 | RU/IPR SMART/106275 | ||
| 856 | 4 | |u https://www.iprbookshop.ru/106275.html |z Перейти к просмотру издания | |
| 801 | 1 | |a RU |b IPR SMART |c 20250903 |g RCR | |
| 010 | |a 978-5-6042177-6-4 | ||
| 205 | |a Гознак. История в событиях, датах, судьбах. В 2 томах. Т.1: (Гознак. Историяв событиях, датах, судьбах. 1818–1918) |b Весь срок охраны авторского права | ||
| 333 | |a Весь срок охраны авторского права | ||
| 100 | |a 20250903d2019 k y0rusy01020304ca | ||
| 105 | |a y j 000zy | ||
| 101 | 0 | |a rus | |
| 102 | |a RU | ||
| 200 | 1 | |a Гознак. История в событиях, датах, судьбах. В 2 томах. Т.1: (Гознак. Историяв событиях, датах, судьбах. 1818–1918) |e научное издание |f А. В. Трачук, Н. М. Никифорова | |
| 700 | 1 | |a Трачук, |b А. В. |4 070 | |
| 701 | 1 | |a Никифорова, |b Н. М. |4 070 | |
| 330 | |a Монография посвящена АО «Гознак» (до 1919 года – Экспедиция заготовления государственных бумаг), история которого неразрывно связана с историей России. В течение последних 200 лет предприятие совершенствует продукцию, во многом отражающую социально-политические события в нашей стране. Сегодня АО «Гознак» входит в число мировых лидеров производства защищенной продукции. Исследование дополнено многочисленными иллюстрациями и документами из фонда хранения АО «Гознак» и государственных архивов. Издание представляет интерес для читателей, интересующихся историей денежного обращения, медальерного искусства, а также историей производства банкнот, монет и другой защищенной продукции. | ||
| 210 | |a Москва |c АО «Гознак» |d 2019 | ||
| 610 | 1 | |a история | |
| 610 | 1 | |a государственные бумаги | |
| 610 | 1 | |a денежное обращение | |
| 610 | 1 | |a медальерное искусство | |
| 610 | 1 | |a монеты | |
| 610 | 1 | |a банкноты | |
| 675 | |a 737.1 | ||
| 686 | |a 63.3 |2 rubbk | ||
| 300 | |a Книга находится в премиум-версии IPR SMART. | ||
| 106 | |a s | ||
| 230 | |a Электрон. дан. (1 файл) | ||
| 336 | |a Текст | ||
| 337 | |a электронный | ||
| 503 | 0 | |a Доступна эл. версия. IPR SMART | |
| 215 | |a 252 с. | ||